00475 2200193 4500001002100000005001500021035002000036007000300056008004100059082001000100084001600110100001800126245004000144250000600184260004000190300002500230650001700255990000900272INLIS00000000000003820170907100845 a0010-0917000024ta170907 f 0 ind  a297.3 a297.3 ARI r0 aArifin, Ilham1 aRahasia Dzikir /cUst. Arifin Ilham a1 aCibubur :bPT. Variapp Group,c2009 a192hlm ;c12 x 17 cm aAmalan Islam a4433